| 000 | 00921nam a2200241 a 4500 | ||
|---|---|---|---|
| 001 | 000005246 | ||
| 003 | OSt | ||
| 005 | 20230519123051.0 | ||
| 008 | 090818s1972 sp 001 0 spa d | ||
| 040 |
_aDO-SdBNP _aspa _cBNPHU |
||
| 082 |
_a972.02 _bG216s |
||
| 100 | 1 |
_aGarcía Bernal, Manuela Cristina _914969 |
|
| 245 | 1 | 3 |
_aLa sociedad de Yucatán, 1700-1750 / _cManuela Cristina García Bernal ; prólogo Luis Navarro García. |
| 260 |
_aSevilla, España : _bCSIC, _c1972. |
||
| 300 |
_a195 p. : _bmap. ; _c22 cm. |
||
| 504 | _aIncluye referencias bibliográficas y notas al pie de las páginas. | ||
| 504 | _aBibliografía : p. 171-174 | ||
| 650 | 4 |
_aYucatan (méxico) _xHistoria _ySIGLO XVIII _914970 |
|
| 650 | 4 |
_aYucatan (méxico) _xCondiciones sociales _ySIGLO XVIII _914971 |
|
| 700 | 1 |
_aNavarro García, Luis, _epról. _914972 |
|
| 710 | 1 |
_aConsejo Superior de Investigaciones Científicas _94786 |
|
| 942 |
_2ddc _cLF1 |
||
| 999 |
_c5047 _d5047 |
||